Statistical techniques in business & economics / (Record no. 17554)

MARC details
000 -LEADER
fixed length control field 01585cam a2200409 i 4500
001 - CONTROL NUMBER
control field 14396879
003 - CONTROL NUMBER IDENTIFIER
control field EG-ScBUE
005 - DATE AND TIME OF LATEST TRANSACTION
control field 20241120124408.0
008 - FIXED-LENGTH DATA ELEMENTS--GENERAL INFORMATION
fixed length control field 060601t2012 nyua f d 001 0 eng d
020 ## - INTERNATIONAL STANDARD BOOK NUMBER
International Standard Book Number 1259071596
020 ## - INTERNATIONAL STANDARD BOOK NUMBER
International Standard Book Number 9781259071591
040 ## - CATALOGING SOURCE
Original cataloging agency EG-ScBUE
Language of cataloging eng
Description conventions rda
Modifying agency EG-ScBUE
-- EG-ScBUE
Transcribing agency EG-ScBUE
082 04 - DEWEY DECIMAL CLASSIFICATION NUMBER
Edition number 22
Classification number 519.5
Item number LIN
100 1# - MAIN ENTRY--PERSONAL NAME
9 (RLIN) 3255
Personal name Lind, Douglas A.,
Relator term author.
245 10 - TITLE STATEMENT
Title Statistical techniques in business & economics /
Statement of responsibility, etc Douglas A. Lind, Coastal Carolina University and The University of Toledo, William G. Marchal, The University of Toledo, Samuel A. Wathen, Coastal Carolina University.
246 3# - VARYING FORM OF TITLE
Title proper/short title Statistical techniques in business and economics
250 ## - EDITION STATEMENT
Edition statement Fifteenth edition.
250 ## - EDITION STATEMENT
Edition statement McGraw-Hill International edition.
264 #1 - PUBLICATION, DISTRIBUTION, ETC. (IMPRINT)
Place of publication, distribution, etc New York :
Name of publisher, distributor, etc McGraw Hill Companies,
Date of publication, distribution, etc [2012]
264 #4 - PUBLICATION, DISTRIBUTION, ETC. (IMPRINT)
Date of publication, distribution, etc c2012
300 ## - PHYSICAL DESCRIPTION
Extent xxix, 844 pages :
Other physical details color illustrations ;
Dimensions 28 cm.
336 ## - CONTENT TYPE
Source rdacontent
Content type term text
Content type code txt
337 ## - MEDIA TYPE
Media type term unmediated
Source rdamedia
Media type code n
338 ## - CARRIER TYPE
Carrier type term volume
Carrier type code nc
Source rdacarrier
490 0# - SERIES STATEMENT
Series statement The McGraw-Hill/Irwin series operations and decision sciences
500 ## - GENERAL NOTE
General note Includes index.<br/>
500 ## - GENERAL NOTE
General note Includes glossary.
650 #7 - SUBJECT ADDED ENTRY--TOPICAL TERM
Topical term or geographic name as entry element Social sciences
General subdivision Statistical methods.
9 (RLIN) 3257
Source of heading or term BUEsh
650 #7 - SUBJECT ADDED ENTRY--TOPICAL TERM
Topical term or geographic name as entry element Economics
General subdivision Statistical methods.
9 (RLIN) 3258
Source of heading or term BUEsh
650 #7 - SUBJECT ADDED ENTRY--TOPICAL TERM
Topical term or geographic name as entry element Commercial statistics.
9 (RLIN) 802
Source of heading or term BUEsh
651 ## - SUBJECT ADDED ENTRY--GEOGRAPHIC NAME
Source of heading or term BUEsh
653 ## - INDEX TERM--UNCONTROLLED
Resource For college BAEPS, Economics
Arrived date list August2015
-- December2017
655 ## - INDEX TERM--GENRE/FORM
Form subdivision Reading book
700 1# - ADDED ENTRY--PERSONAL NAME
Personal name Marchal, William G.,
Relator term author.
9 (RLIN) 3260
700 1# - ADDED ENTRY--PERSONAL NAME
Personal name Wathen, Samuel Adam,
Relator term author.
9 (RLIN) 3261
942 ## - ADDED ENTRY ELEMENTS (KOHA)
Source of classification or shelving scheme Dewey Decimal Classification
Koha item type Book - Borrowing
Holdings
Withdrawn status Lost status Source of classification or shelving scheme Damaged status Not for loan Collection code Home library Current library Shelving location Date acquired Source of acquisition Total Checkouts Full call number Barcode Date last seen Date checked out Price effective from Koha item type Total Renewals Cost, normal purchase price Cost, replacement price Materials specified (bound volume or other part)
    Dewey Decimal Classification     Baccah Central Library Central Library First floor 25/09/2013   1 519.5 LIN 000028973 15/07/2025 09/01/2014 25/09/2013 NB - Book (Non borrowing)        
    Dewey Decimal Classification     Baccah Central Library Central Library First floor 25/09/2013 Purchase 16 519.5 LIN 000028974 15/07/2025 06/05/2018 25/09/2013 Book - Borrowing 22      
  Lost and Paid For Dewey Decimal Classification     Baccah Central Library Central Library First floor 25/09/2013 Purchase 2 519.5 LIN 000028975 01/12/2013 01/12/2013   Book - Borrowing   220.00 275.00  
    Dewey Decimal Classification     Baccah Central Library Central Library First floor 25/09/2013 Purchase 7 519.5 LIN 000028976 24/08/2022 28/04/2018 25/09/2013 Book - Borrowing 2      
    Dewey Decimal Classification     Baccah Central Library Central Library First floor 25/09/2013 Purchase 13 519.5 LIN 000028977 24/08/2022 30/04/2018 25/09/2013 Book - Borrowing 45      
    Dewey Decimal Classification     Baccah Central Library Central Library First floor 25/09/2013 Purchase 8 519.5 LIN 000028978 15/07/2025 04/02/2018 25/09/2013 Book - Borrowing 12      
    Dewey Decimal Classification     Baccah Central Library Central Library First floor 25/09/2013 Purchase 10 519.5 LIN 000028979 15/07/2025 05/02/2018 25/09/2013 Book - Borrowing 19      
    Dewey Decimal Classification     Baccah Central Library Central Library First floor 25/09/2013 Purchase 8 519.5 LIN 000028980 15/07/2025 28/04/2018 25/09/2013 Book - Borrowing 9      
    Dewey Decimal Classification     Baccah Central Library Central Library First floor 25/09/2013 Purchase 2 519.5 LIN 000028981 15/07/2025 13/10/2015 25/09/2013 Book - Borrowing 32      
  Lost Dewey Decimal Classification     Baccah Central Library Central Library First floor 25/09/2013   1 519.5 LIN 000038054 19/04/2015 01/10/2014   Book - Borrowing 21     Lost In Inventory_2015-8-23
    Dewey Decimal Classification     Baccah Central Library Central Library First floor 25/12/2017 Purchase 1 519.5 LIN 000047003 15/07/2025 05/02/2018 25/12/2017 Book - Borrowing 2